Normal view
MARC view
- Khan,Zarlasht Maud,Hadiya & Zubair,Mariam
Entry Personal Name
001 - CONTROL NUMBER
- control field: 4923
003 - CONTROL NUMBER IDENTIFIER
- control field: NUST
005 - DATE AND TIME OF LATEST TRANSACTION
- control field: 20170922163637.0
008 - FIXED-LENGTH DATA ELEMENTS
- fixed length control field: 170922|| aca||aabn | a|a d
040 ## - CATALOGING SOURCE
- Original cataloging agency: NUST
- Transcribing agency: NUST
100 ## - HEADING--PERSONAL NAME
- Personal name: Khan,Zarlasht Maud,Hadiya & Zubair,Mariam
670 ## - SOURCE DATA FOUND
- Source citation: Work cat.: (NUST): Khan,Zarlasht Maud,Hadiya & Zubair,Mariam, Examining behavior in a public good game : An application of prisoners dilemma, 2016
